Difúzne boridovanie vysokopevnej ocele E 700 TS

Uložené v:
Podrobná bibliografia
Hlavný autor: Hradecký, Filip (Autor)
Ďalší autori: Gerhátová, Žaneta (Vedúci práce)
Médium: Rukopis Kniha
Jazyk:Slovak
Vydavateľské údaje: 2025
Predmet:
On-line prístup:http://is.stuba.sk/zp/portal_zp.pl?podrobnosti=193336
Tagy: Pridať tag
Žiadne tagy, Buďte prvý, kto otaguje tento záznam!

MARC

LEADER 00000ntm a22000003a 4500
001 stuzp104684
003 SK-STU
005 20250628211901.8
007 ta
008 150427s2015----xo-----f-mn---000-0-slo-d
040 |a STU  |b slo 
041 0 |a slo 
100 1 |a Hradecký, Filip  |u 061000  |4 aut  |U MTF Materiálovotechnologická fakulta  |T MTF Ústav materiálov  |X 121907  |U M1000  |Y 81  |7 121907 
242 0 1 |a Diffusion boronizing of high-strength E 700 TS steel  |y eng 
245 1 0 |a Difúzne boridovanie vysokopevnej ocele E 700 TS 
260 |c 2025 
650 4 |a boridovanie  |2 slo 
650 4 |a boridická vrstva  |2 slo 
650 4 |a vysokopevná oceľ  |2 slo 
650 4 |a mikrotvrdosť  |2 slo 
650 4 |a boride layer  |2 eng 
650 4 |a high-strength steel  |2 eng 
650 4 |a boronizing  |2 eng 
650 4 |a microhardness  |2 eng 
700 1 |a Gerhátová, Žaneta  |u 061000  |k Z1  |4 ths  |U MTF Materiálovotechnologická fakulta  |T MTF Ústav materiálov  |X 88275  |U M1000  |Y 81  |7 88275 
856 4 |u http://is.stuba.sk/zp/portal_zp.pl?podrobnosti=193336 
996 |c M* BP-9931  |l MMSKP  |s P  |a 0  |w stuzp104684_0001